Flagi po wzorze Krzyża Południa - Statystyki

Ogólne statystyki
  • Ten quiz został rozwiązany 7 862 razy
  • Średni wynik to 4 z 5
Statystyki odpowiedzi
Obrazkowy Odpowiedź % Poprawnych
Nowa Zelandia
99%
Australia
98%
Papua-Nowa Gwinea
90%
Samoa
55%
Brazylia
22%
Nie znaleziono quizów pasujących do podanych kryteriów
Rozkład punktacji
Procent ludzi z każdym wynikiem
Percentyl według liczby udzielonych odpowiedzi
Twoja historia wyników
Nie rozwiązałeś tego quizu